| 000 | 00441nam a2200205Ia 4500 | ||
|---|---|---|---|
| 008 | 210210b1844 xxu||||| |||| 00| 0 eng d | ||
| 041 | _aeng | ||
| 082 | _a954/273 | ||
| 100 | _aMURRAY | ||
| 245 | _aBritish India Vol II | ||
| 260 |
_aLondon _bOliver & Boyd, _c1844 |
||
| 300 | _axi,505 | ||
| 650 | _aVol | ||
| 650 | _aIndia | ||
| 650 | _aII | ||
| 650 | _aBritish | ||
| 690 | _aIndian History | ||
| 700 | _aOthers | ||
| 906 | _a026031 | ||
| 999 |
_c77939 _d77939 |
||